[Event "Cullera op-A"]
[Site "Cullera"]
[Date "2007.07.06"]
[Round "1"]
[White "Galvan Huaraca, Jesus"]
[Black "Cortes Ruiz, Javier"]
[Result "1-0"]
[WhiteElo "2237"]
[BlackElo "1945"]
[PlyCount "43"]
[EventDate "2007.07.06"]
[EventType "swiss"]
[EventRounds "9"]
[EventCountry "ESP"]
[SourceTitle "CBM 119 Extra"]
[Source "ChessBase"]
[SourceDate "2007.09.04"]
[SourceVersion "1"]
[SourceVersionDate "2007.09.04"]
[SourceQuality "1"]

1. d4 Nf6 2. c4 e6 3. Nc3 Bb4 4. a3 Bxc3+ 5. bxc3 h6 6. f3 d5 7. e3 Nbd7 8. cxd5 exd5 9. Bd3 c5 10. Ne2 0-0 11. 0-0 Re8 12. Ng3 c4 13. Bb1 Qa5 14. Qc2 Nb6 15. e4 Qa4 16. Qd2 Qa5 17. e5 Nh7 18. Nh5 Re6 19. f4 Na4 20. Rf3 Rg6 21. f5 Rb6 22. Rg3 1-0

[Event "Mislata op 14th"]
[Site "Mislata"]
[Date "2006.08.27"]
[Round "6"]
[White "Galvan Huaraca, Jesus"]
[Black "Borges Matos, Juan R"]
[Result "0-1"]
[WhiteElo "2211"]
[BlackElo "2434"]
[PlyCount "80"]
[EventDate "2006.08.22"]
[EventType "swiss"]
[EventRounds "9"]
[EventCountry "ESP"]
[SourceTitle "CBM 113 Extra"]
[Source "ChessBase"]
[SourceDate "2006.09.14"]
[SourceVersion "1"]
[SourceVersionDate "2006.09.14"]
[SourceQuality "1"]

1. d4 e6 2. c4 d5 3. Nc3 Be7 4. Nf3 Nf6 5. Bg5 0-0 6. e3 Nbd7 7. Rc1 a6 8. c5 c6 9. Be2 e5 10. 0-0 e4 11. Ne1 Ne8 12. Bxe7 Qxe7 13. Nc2 Nc7 14. f3 exf3 15. Rxf3 Nf6 16. h3 Ne4 17. Nxe4 dxe4 18. Rf2 Be6 19. b3 f5 20. Qf1 Rf6 21. Bc4 Raf8 22. Bxe6+ Qxe6 23. Qe2 Nd5 24. Rcf1 g5 25. Na3 f4 26. Nc4 f3 27. gxf3 Qxh3 28. f4 gxf4 29. Rg2+ Rg6 30. Rxg6+ hxg6 31. Qg2 Qxg2+ 32. Kxg2 Nxe3+ 33. Nxe3 fxe3 34. Rd1 Rf2+ 35. Kg3 e2 36. Re1 e3 37. b4 Kf7 38. d5 cxd5 39. a4 Ke6 40. b5 axb5 0-1

[Event "Mislata op 14th"]
[Site "Mislata"]
[Date "2006.08.24"]
[Round "3"]
[White "Galvan Huaraca, Jesus"]
[Black "Huerga Leache, Mikel"]
[Result "1-0"]
[WhiteElo "2211"]
[BlackElo "2310"]
[PlyCount "109"]
[EventDate "2006.08.22"]
[EventType "swiss"]
[EventRounds "9"]
[EventCountry "ESP"]
[SourceTitle "CBM 113 Extra"]
[Source "ChessBase"]
[SourceDate "2006.09.14"]
[SourceVersion "1"]
[SourceVersionDate "2006.09.14"]
[SourceQuality "1"]

1. d4 Nf6 2. c4 e5 3. dxe5 Ng4 4. Bf4 Nc6 5. Nf3 Bb4+ 6. Nbd2 Qe7 7. e3 Ngxe5 8. Nxe5 Nxe5 9. Be2 0-0 10. 0-0 a5 11. Nb3 a4 12. a3 Bc3 13. Qc2 Ng6 14. Bxc7 Be5 15. Bxe5 axb3 16. Qxb3 Nxe5 17. Rfd1 d6 18. Rd5 Bd7 19. Qb4 Bc6 20. Qxd6 Rfe8 21. Qxe7 Rxe7 22. Rd4 g5 23. Rad1 Kg7 24. R1d2 Ng6 25. Rd8 Ra5 26. R8d3 Rae5 27. b4 f5 28. b5 Be8 29. Bf1 f4 30. exf4 Nxf4 31. Rd6 Ne6 32. f3 Bf7 33. R2d5 Nc5 34. Rxe5 Rxe5 35. Kf2 g4 36. Rd8 gxf3 37. gxf3 h5 38. h4 Kf6 39. Rb8 Re8 40. Rxe8 Bxe8 41. Ke3 Bf7 42. Kd4 b6 43. Be2 Ke6 44. f4 Kf5 45. Bd1 Kxf4 46. a4 Kg3 47. a5 Ne6+ 48. Ke5 bxa5 49. b6 Nc5 50. Kd4 Na6 51. Ba4 Bxc4 52. Kxc4 Kxh4 53. b7 Kg3 54. Kb5 Nb8 55. Kb6 1-0

[Event "Escuela Valenciana Cerrado 7th"]
[Site "Manises"]
[Date "2002.??.??"]
[Round "9"]
[White "Salvador Lopez, Daniel"]
[Black "Galvan Huaraca, Jesus"]
[Result "1/2-1/2"]
[WhiteElo "2138"]
[BlackElo "2169"]
[PlyCount "134"]
[EventDate "2002.01.02"]
[EventType "tourn"]
[EventRounds "9"]
[EventCountry "ESP"]
[SourceTitle "CBM 086 Extra"]
[Source "ChessBase"]
[SourceDate "2002.03.14"]
[SourceVersion "1"]
[SourceVersionDate "2002.03.14"]
[SourceQuality "1"]

1. e4 d6 2. d4 Nf6 3. Nc3 c6 4. Nf3 Bg4 5. h3 Bh5 6. Bc4 e6 7. Bg5 Be7 8. g4 Bg6 9. Bxf6 Bxf6 10. Qd2 d5 11. exd5 cxd5 12. Bd3 Nc6 13. 0-0-0 Qb6 14. Rhe1 0-0-0 15. g5 Be7 16. Bxg6 hxg6 17. h4 Bd6 18. Qe2 a6 19. Rd3 Nb4 20. Rdd1 Rd7 21. a3 Nc6 22. Rd3 Rc7 23. Nd1 Qa7 24. Ne3 Kb8 25. Kb1 Na5 26. Rc1 b5 27. Ng4 Ka8 28. Nge5 Qb7 29. b4 Nc4 30. Rb3 Bxe5 31. dxe5 Nb6 32. Rh1 Rc4 33. Rd3 Re4 34. Qd1 Nc4 35. Re1 Rg4 36. Rg1 Re4 37. Re1 Rc8 38. Ka2 Nb6 39. Rd4 Na4 40. Qd2 Qc7 41. Rexe4 Nc3+ 42. Kb2 Nxe4 43. Qd3 Nxf2 44. Qb3 Ne4 45. a4 Qc3+ 46. Qxc3 Nxc3 47. axb5 Nxb5 48. Rf4 Rc7 49. Nh2 Kb7 50. Ng4 Kc6 51. c4 dxc4 52. Rxc4+ Kd7 53. Rxc7+ Nxc7 54. Kc3 Kc6 55. Nh6 Kd5 56. Nxf7 Nb5+ 57. Kd3 Nd4 58. Nh8 Nc6 59. Nxg6 Nxe5+ 60. Nxe5 Kxe5 61. h5 Kf5 62. h6 Kg6 63. Ke4 gxh6 64. gxh6 Kxh6 65. Ke5 Kg5 66. Kxe6 Kf4 67. Kd5 Ke3 1/2-1/2